Statistics for Denali National Park Quiz

Click here to take the quiz!

General Stats

  • This quiz has been taken 113 times
  • The average score is 7 of 15

Answer Stats

HintAnswer% Correct
Former NameMount McKinley
93%
Number of paved roads in the park1
92%
Country that formerly controlled Denali, and called it Bolshaya GoraRussia
86%
The US Board on Geographic Names refused to change the name of the mountain until which president ordered them to, 35 years later?Barack Obama
82%
With between 300 and 350 residents, Denali is believed to be the park with the most of which large mammal?Grizzly Bear
72%
Denali is the only national park to have kennels for which unique sport?Dogsledding
66%
Ungulate also known as reindeerCaribou
61%
Mountain rangeAlaska
48%
European explorer believed to be the first to see DenaliGeorge Vancouver
27%
Term for low ridges of sediment pushed into place by a glacierMoraine
26%
Native ethnolinguistic group, and also the name of a lake in CanadaAthabasca
25%
Alaska Senator in 2012 who named the ranger station after native Alaskan Walter Harper, the first person to climb the peakLisa Murkowski
24%
Term for a lake formed in a glacial cirqueTarn
18%
Alaska mountain town home to the park's ranger stationTalkeetna
10%
Second-highest peak in the parkMount {Foraker}
8%

Score Distribution

Percentile by Number Answered

Percent of People with Each Score

Your Score History

You have not taken this quiz